LEADER 01869nas 2200637-a 450 001 996213228003316 005 20230627152448.0 011 $a1557-7465 035 $a(OCoLC)41543681 035 $a(CKB)954925276510 035 $a(CONSER)--2005214532 035 $a(MiFhGG)2EPJ 035 $a(MiAaPQ)33572 035 $a(DE-599)ZDB2520754-4 035 $a(EXLCZ)99954925276510 100 $a19990615a19959999 s-- a 101 0 $aeng 135 $aurmnu|||||||| 181 $ctxt$2rdacontent 182 $cc$2rdamedia 183 $acr$2rdacarrier 200 10$aJournal of interferon & cytokine research 210 $a[Larchmont, NY] $cMary Ann Liebert, Inc 215 $a1 online resource 300 $aRefereed/Peer-reviewed 311 $a1079-9907 517 3 $aJournal of interferon and cytokine research 531 $aJ INTERFERON CYTOKINE RES 531 $aJ INTERF CYTOK RES 531 $aJ INTERF CY 531 $aJOURNAL OF INTERFERON AND CYTOKINE RESEARCH 531 $aJ. INTERFERON CYTOKINE RES 606 $aInterferon$vPeriodicals 606 $aCytokines$vPeriodicals 606 $aCytokines$vPeriodicals 606 $aInterferons$vPeriodicals 606 $aCytokines 606 $aInterferons 606 $aCytokines$2fast$3(OCoLC)fst00886268 606 $aInterferon$2fast$3(OCoLC)fst00976239 608 $aPeriodicals.$2fast 608 $aPeriodicals.$2lcgft 615 0$aInterferon 615 0$aCytokines 615 2$aCytokines 615 2$aInterferons 615 2$aCytokines. 615 2$aInterferons. 615 7$aCytokines. 615 7$aInterferon. 676 $a616 712 02$aInternational Society for Interferon and Cytokine Research, 906 $aJOURNAL 912 $a996213228003316 996 $aJournal of interferon & cytokine research$92368398 997 $aUNISA LEADER 01794oam 2200541zu 450 001 9910161635303321 005 20240524001558.0 010 $a0-8031-6900-0 010 $a1-60119-910-4 035 $a(CKB)1000000000810499 035 $a(SSID)ssj0000071472 035 $a(PQKBManifestationID)11109869 035 $a(PQKBTitleCode)TC0000071472 035 $a(PQKBWorkID)10090150 035 $a(PQKB)11483967 035 $a(EXLCZ)991000000000810499 100 $a20160829d2009 uy 101 0 $aeng 181 $ctxt 182 $cc 183 $acr 200 00$aAviation fuel quality control procedures 210 31$a[Place of publication not identified]$cASTM International$d2009 225 0 $a[ASTM manual series] Aviation fuel quality control procedures 300 $aBibliographic Level Mode of Issuance: Monograph 311 $a0-8031-7008-4 531 $aAVIATION FUEL QUALITY CONTROL PROCEDURES 606 $aAirplanes$xFuel$xContamination 606 $aMaterials handling$xQuality control 606 $aGasoline industry$xQuality control 606 $aFuel filters 606 $aMechanical Engineering$2HILCC 606 $aEngineering & Applied Sciences$2HILCC 606 $aAeronautics Engineering & Astronautics$2HILCC 615 0$aAirplanes$xFuel$xContamination. 615 0$aMaterials handling$xQuality control. 615 0$aGasoline industry$xQuality control. 615 0$aFuel filters. 615 7$aMechanical Engineering 615 7$aEngineering & Applied Sciences 615 7$aAeronautics Engineering & Astronautics 676 $a629.134/351 702 $aGammon$b Jim$f1953- 801 0$bPQKB 906 $aBOOK 912 $a9910161635303321 996 $aAviation fuel quality control procedures$91955362 997 $aUNINA